000 00584nam a2200229Ia 4500
003 OSt
005 20221005122420.0
006 a|||||r|||| 00| 0
007 ta
008 221004b |||||||| |||| 00| 0 tam d
024 _a49337
037 _cTextual
040 _aCRL
_cCRL
_btam
041 _2tam
_atam
082 _aO31,2M91,9, L8
100 _aBharatidasan Au.
_9631655
245 0 _aJhalai malai kandadivar
260 _c1978
650 _aTAMIL DRAMA
_9192671
942 _hO31,2M91,9, L8
_cTEXL
_2cc
999 _c1044223
_d1044223